Anar al contingut

Российское конкурентное право и экономика, 2020, № 3 (23) научно-практический журнал

Guardat en:
Dades bibliogràfiques
Format: Журнал
Accés en línia:https://znanium.com/catalog/document?id=369835
https://znanium.com/cover/1227/1227328.jpg
Etiquetes: Afegir etiqueta
Sense etiquetes, Sigues el primer a etiquetar aquest registre!
LEADER 01263nam0a2200253 i 4500
001 RU\infra-m\znanium\bibl\1227328
003 https://znanium.com/catalog/document?id=369835
005 20220203000000.0
100 |a 20220203d2020 m y0rusy0150 ca 
101 0 |a rus 
102 |a RU 
200 1 |a Российское конкурентное право и экономика, 2020, № 3 (23)  |e научно-практический журнал  |e Журнал 
210 1 |a Москва  |c Деловой экспресс  |d 2020 
215 |a 113 с. 
333 |a ВО - Магистратура 
606 |a Право. Юридические науки  |x Предпринимательское и коммерческое право. Транспортное право  |2 local 
608 |a Журнал  |2 local 
675 |a 33  |z rus 
675 |a 3477  |z rus 
686 |a 65  |2 rubbk 
686 |a 67404  |2 rubbk 
801 0 |a RU  |b Общество с ограниченной ответственностью «ЗНАНИУМ»  |c 20201202  |2 rusmarc 
856 4 |a znanium.com  |m ebs_support@infra-m.ru  |n НИЦ ИНФРА-М  |u https://znanium.com/catalog/document?id=369835 
856 4 1 |a znanium.com  |d /cover/1227  |f 1227328.jpg  |q image/jpeg  |u https://znanium.com/cover/1227/1227328.jpg